00859cam a2200181 a 4500999001700000008004100017050002300058110003800081245008500119260011600204300004300320504005100363650004300414650004600457700002000503942003300523952012100556 c17602d17602840601s1983 nyuc cb 001 0 eng 00aND1311 b.N28 19832 aNational Academy of Design (U.S.)10aArtists by themselves :bartists' portraits from the National Academy of Design. aNew York, N.Y. :bThe Academy ;a[Seattle, Wash.] :bDistributed by the University of Washington Press,cc1983. a175 p. :bports. (some col.) ;c30 cm. aIncludes bibliographical references and index. 0aSelf-portraits, AmericanxExhibitions. 0aPortrait painting, AmericanxExhibitions.1 aQuick, Michael. 2lcccBOOKShND1311 .N28 1983 00102lcc4070aMUCbMUCcGENd2016-11-28eDonation(BFA)l0oND1311 .N28 1983p28837r2016-11-28w2016-11-28yBOOKS